000 00587nam a22001817a 4500
010 _aENG-143041
020 _a9789389146271
_c225.00
035 _aEN-126573
037 _bDBAD
082 _a361.1
100 _aKaviyarasi, R.
_975036
245 _aProblem Solving Techniques/
_cby R.Kaviyarasi [and] M. Neelamegan
260 _aTamil Nadu
_bShanlax publications
_c2019
270 _a61, 66 T.P.K. Main Road, Vasantha Nagar,
_bMadurai, Tamil Nadu
_e625003
300 _a160p.
_c22cm(pb)
700 _aNeelamegan, M.
_eAuthor
_975037
942 _2ddc
_cEN
_h361.1
_mKAV
999 _c207628
_d207628